Normal view
MARC view
Entry Topical Term
001 - CONTROL NUMBER
- control field: 25864
003 - CONTROL NUMBER IDENTIFIER
- control field: OSt
005 - DATE AND TIME OF LATEST TRANSACTION
- control field: 20210727155233.0
008 - FIXED-LENGTH DATA ELEMENTS
- fixed length control field: 210727|| aca||aabn | a|a d
040 ## - CATALOGING SOURCE
- Original cataloging agency: OSt
- Transcribing agency: OSt
150 ## - HEADING--TOPICAL TERM
- Topical term or geographic name entry element: Public health emergency management, Lncident Command System, MERS-CoV, COVID-19
670 ## - SOURCE DATA FOUND
- Source citation: Work cat.: (OSt): Kim, Y. Oh, S.S. Wang, C. 25863, From uncoordinated patchworks to a coordinated system: Mers-cov to Covid-19 in Korea
